Obce okresu České Budějovice - Statistics

General Stats
  • This quiz has been taken 13 times
  • The average score is 13 of 109
Answer Stats
Počet obyvatel Odpověď % Correct
97 321 České Budějovice
100%
5 626 Hluboká nad Vltavou
100%
2 587 Rudolfov
60%
5 262 Trhové Sviny
60%
7 774 Týn nad Vltavou
60%
2 652 Dobrá Voda u Českých Budějovic
50%
4 679 Lišov
50%
2 469 Nové Hrady
50%
4 184 Borovany
40%
1 025 Římov
40%
2 998 Srubec
40%
3 453 Zliv
40%
2 694 Kamenný Újezd
30%
905 Temelín
30%
487 Úsilné
30%
2 274 Včelná
30%
353 Dasný
20%
626 Dívčice
20%
418 Dubičné
20%
1 747 Dubné
20%
1 492 Horní Stropnice
20%
1 506 Hrdějovice
20%
2 544 Ledenice
20%
2 793 Litvínovice
20%
773 Nová Ves
20%
256 Planá
20%
1 367 Ševětín
20%
868 Vrábče
20%
1 585 Borek
10%
163 Borovnice
10%
2 105 Boršov nad Vltavou
10%
220 Bošilec
10%
276 Branišov
10%
303 Čakov
10%
262 Chotýčany
10%
721 Chrásťany
10%
1 712 Dolní Bukovsko
10%
335 Doubravice
10%
464 Doudleby
10%
380 Dynín
10%
488 Hlincová Hora
10%
1 685 Homole
10%
978 Hosín
10%
676 Lipí
10%
378 Nedabyle
10%
1 514 Roudné
10%
1 345 Staré Hodějovice
10%
997 Štěpánovice
10%
640 Svatý Jan nad Malší
10%
505 Vráto
10%
1 040 Adamov
0%
106 Bečice
0%
177 Břehov
0%
402 Čejkovice
0%
61 Čenkov u bechyně
0%
291 Čížkrajice
0%
139 Dobšice
0%
334 Drahotěšice
0%
283 Dražíč
0%
1 711 Dříteň
0%
126 Habří
0%
194 Hartmanice
0%
213 Heřmaň
0%
150 Hlavatce
0%
110 Horní Kněžeklady
0%
166 Hosty
0%
112 Hradce
0%
209 Hranice
0%
610 Hůry
0%
141 Hvozdec
0%
391 Jankovice
0%
1 111 Jílovice
0%
425 Jivno
0%
342 Kamenná
0%
366 Komařice
0%
137 Kvítkovice
0%
426 Libín
0%
587 Libníč
0%
790 Ločenice
0%
231 Mazelov
0%
420 Mladošovice
0%
102 Modrá Hůrka
0%
108 Mokrý Lom
0%
301 Mydlovary
0%
226 Nákří
0%
367 Neplachov
0%
897 Olešnice
0%
822 Olešník
0%
182 Ostrolovský Újezd
0%
310 Petříkov
0%
667 Pištín
0%
433 Plav
0%
204 Radošovice
0%
534 Sedlec
0%
742 Slavče
0%
535 Strážkovice
0%
220 Střížov
0%
54 Strýčice
0%
594 Vidov
0%
487 Vitín
0%
49 Vlkov
0%
1 190 Všemyslice
0%
366 Záboří
0%
443 Žabovřesky
0%
463 Zahájí
0%
346 Žár
0%
65 Závraty
0%
629 Žimutice
0%
260 Zvíkov
0%
No matching quizzes found
Score Distribution
Percent of People with Each Score
Percentile by Number Answered
Your Score History
You have not taken this quiz